Market nautral strategies

Αποθηκεύτηκε σε:
Λεπτομέρειες βιβλιογραφικής εγγραφής
Άλλοι συγγραφείς: Jacobs, Bruce I. (Επιμελητής έκδοσης), Levy, Kenneth N. (Επιμελητής έκδοσης)
Μορφή: Βιβλίο
Γλώσσα:English
Δημοσίευση: Haboken, N. J. : John Wiley & Sons, c2005
Σειρά:Frank J. Fabozzi series
Θέματα:
Ετικέτες: Προσθήκη ετικέτας
Δεν υπάρχουν, Καταχωρήστε ετικέτα πρώτοι!

MARC

LEADER 00000nam a2200000 i 4500
001 1/49461
008 070727s2005 eng d
020 |a 0-471-26868-2 
035 |l 10089191 
040 |a GR-MY-UA  |b gre  |e aacr 
041 0 |a eng 
082 0 |a 332.63228  |2 (22) 
245 1 0 |a Market nautral strategies /  |c editors Bruce I. Jacobs, Kenneth N. Levy 
260 |a Haboken, N. J. :   |b John Wiley & Sons,   |c c2005 
300 |a xvii, 284 σ.;  |b διαγρ., πίν.;  |c 23 εκ. 
490 1 |a Frank J. Fabozzi series 
504 |a Περιλαμβάνει ευρετήριο 
650 0 0 |a Speculation. 
650 0 0 |a Investment analysis. 
650 0 0 |a Risk management. 
700 1 |a Jacobs, Bruce I.  |4 edt 
700 1 |a Levy, Kenneth N.  |4 edt 
830 0 |a Frank J. Fabozzi series 
852 |a INST  |b CHIOS  |e 20070727  |h 332.63228 MAR  |p 005200025813  |q 005200025813  |t BK  |y 0 
901 |a BIBL2-2007-2 
909 |a Χ  |b 137006 
922 |a 2ΕΛΗ  |b 200707  |c ΕΠΕΑΕΚ2/ΤΝΕΥ  |d ΠΑΠΑΣΩΤΗΡΙΟΥ 
970 |a ΒΑΣΙΛΑΚΗ  |b ΝΙΚΗ  |z 2007/07/27